| 000 | 01014nam a22002657a 4500 | ||
|---|---|---|---|
| 999 |
_c65907 _d65907 |
||
| 005 | 20240530110849.0 | ||
| 008 | 200912s2019 ua a f b 000 0dara d | ||
| 017 |
_a2018/23313 _bمصر. دار الكتب |
||
| 020 | _a9789777801553 | ||
| 040 |
_aEG-CaGPL _cEG-CaGPL |
||
| 082 | 0 | 4 |
_221 _a370.7\ _bم ب |
| 100 | 0 | _aمحمود محمد شبيب | |
| 245 | 1 | 2 |
_aالبرامج التدريبية فى البحوث التربوية : _bبنائها - تطبيقاتها / _cتاليف محمود محمد شبيب |
| 250 | _aط.1 | ||
| 260 |
_aالقاهرة : _bعالم الكتب، _c2019 |
||
| 300 |
_a325 ص. ؛ _c24 سم. |
||
| 504 | _aيشتمل على ارجاعات ببليوجرافية | ||
| 650 | 0 | 7 |
_aالتعليم _2qrmak _xالبحوث التربوية |
| 650 | 0 | 7 |
_aالبحوث التربوية _2qrmak |
| 650 | 0 | 7 | _aالتخطيط التربوى |
| 650 | 0 | 7 |
_aبرامج التدريب _2qrmak |
| 651 | _2qrmak | ||
| 942 |
_2ddc _cBK |
||